| 000 | 00565nam a2200169 a 4500 | ||
|---|---|---|---|
| 005 | 20140412111301.0 | ||
| 008 | 010329s19uu xx 00 eng d | ||
| 020 | _a1-56107-277-X | ||
| 050 |
_aTR(GS 510.7 _bMat42 1995 |
||
| 100 | _aCharles, Linda | ||
| 245 |
_aMathland: assessment guide : _bgrade 2 / _cLinda Charles ; Micaelia Randolph Brummett, Heather McDonald, Joan Westley. |
||
| 260 |
_aMountain View, CA : _bCreative Publications, _c1995. |
||
| 300 | _a48 p. | ||
| 440 | _aMathland Journey Through Mathematics | ||
| 650 | _aMathematics | ||
| 999 |
_c103383 _d103383 |
||